مكتبة جامعة عجلون الوطنية

فهرس بحث المكتبة

Normal view MARC view
  • اللغة العربية-اللغة-نصوص وتطبيقات

Entry Topical Term

Number of records used in: 1

001 - CONTROL NUMBER

  • control field: 10895

003 - CONTROL NUMBER IDENTIFIER

  • control field: JO-AjAnu

005 - DATE AND TIME OF LATEST TRANSACTION

  • control field: 20230606072041.0

008 - FIXED-LENGTH DATA ELEMENTS

  • fixed length control field: 230606|| aca||aabn | a|a d

040 ## - CATALOGING SOURCE

  • Original cataloging agency: JO-AjAnu
  • Transcribing agency: JO-AjAnu

150 ## - HEADING--TOPICAL TERM

  • Topical term or geographic name entry element: اللغة العربية-اللغة-نصوص وتطبيقات

670 ## - SOURCE DATA FOUND

  • Source citation: Work cat.: (JO-AjAnu)5611: تاليف الملاحويش،عمر؛م.مشارك: الحلواني،محمد خير الحلواني؛ بدر أحمد ضيف؛ علي إبراهيم أبو زيد, author 10894, اللغة العربية نصوص وتطبيقات